00763nam a2200205 a 450000100060000000300090000600800410001502000180005604000280007408200180010210000340012024500780015426000520023230000340028450000480031865000220036694200120038899900170040095201400041724332CO-ViMGA141112s2004 ck r 000 u spa d a9788498352726 aCO-ViMGAbspacCO-ViMGA04a617.751 M178m1 aMartin Herranz, Raúl93558510aManual de optometría / cRaul Martin Herranz, Gerardo Vecilia Antolinez aEspaña : bMedica PanAméricana, cD.L. 2010 aXV, 718 p. : il. vol. ; 24 cm aIncluye referencias bibliograficas e indice14aOptometria927540 2ddccBK c32320d32320 00102ddc40708002aMEVIECARbMEVIECARd2015-12-04h25/jun/2012l0o617.751 M178m p25089r2015-12-04 00:00:00tEj. 1w2015-12-04yBK